000 00334nam a2200109Ia 4500
008 171204s9999 xx 000 0 und d
245 _aCreolization and Contraband: CuraƧao in the Early Modern Atlantic World:
245 _cLinda Rupert
260 _c2012
650 _xHistory
856 _uhttp://down.ebook777.com/063/0820343056.pdf
999 _c345552
_d345552